| 000 | 00806nam a2200265 i 4500 | ||
|---|---|---|---|
| 001 | 10158 | ||
| 003 | ES-MaACL | ||
| 005 | 20230906145830.0 | ||
| 007 | t| | ||
| 008 | 950313s1994 sp ||||1| spa d | ||
| 020 | _a84-87265-57-X | ||
| 080 | _a7 Miró, Joan | ||
| 080 | _a75(46)"1893/1983"Miró, Joan | ||
| 100 | 1 |
_aSantos Torroella, Rafael. _9103536 |
|
| 245 | 1 | 0 |
_a35 años de Joan Miró / _cRafael Santos Torroella ; presentación Rosa María Malet. |
| 250 | _a[1ª ed.]. | ||
| 260 |
_aBarcelona : _bParsifal, _c1994. |
||
| 300 |
_a159 p., [24] p. de lám. : _bil. ; _c21 cm. |
||
| 490 | 1 |
_aFiguras ; _v30 |
|
| 600 | 1 | 4 |
_aMiró, Joan. _981604 |
| 700 | 1 |
_aMalet, Rosa María. _975756 |
|
| 830 | 0 |
_aFiguras ; _v30 _9178642 |
|
| 852 |
_aES-MaACL _jL-17703 _bR.123242 |
||
| 999 |
_c10158 _d10158 |
||